Normal view MARC view

Entry Nombre personal

Number of records used in: 2

001 - NÚMERO DE CONTROL

  • campo de control: 130016

003 - IDENTIFICADOR DE NÚMERO DE CONTROL

  • campo de control: SpMaBN

005 - FECHA Y HORA DE LA ÚLTIMA TRANSACCIÓN

  • campo de control: 20250801202042.0

008 - ELEMENTOS DE DATO DE LONGITUD-FIJA

  • campo de control de longitud fija: 930526n| aijnnaabn |n aac

016 ## - NÚMERO DE CONTROL DE UNA AGENCIA BIBLIOGRÁFICA NACIONAL

  • Número de control del registro: BNE19930488954

040 ## - FUENTE DE CATALOGACIÓN

  • Centro catalogador/agencia de origen: SpMaBN
  • Lengua de catalogación: spa
  • Centro/agencia transcriptor: SpMaBN
  • Normas de descripción: rdc
  • Convención/Normas de encabezamiento de materia/tesauro: embne

100 1# - ENCABEZAMIENTO-NOMBRE DE PERSONA

  • Nombre de persona: Mojados, Lorenzo Francisco

670 ## - FUENTE DE DATOS ENCONTRADOS

  • Cita de la fuente: Oracion funebre en las honrras que se celebraron en la casa de el noviciado de la Compañia de Jesus ..., de Antonio Diaz de la Huerta, 1742
  • Información encontrada: port. (En Madrid en la Imprenta de Lorenzo Francisco Mojados)

670 ## - FUENTE DE DATOS ENCONTRADOS

  • Cita de la fuente: Gutiérrez del Caño
  • Información encontrada: p. 83 (Lorenzo Francisco Mojados)

678 ## - DATOS BIOGRÁFICOS O HISTÓRICOS

  • Datos biográficos o históricos: impresor: Madrid en la calle Alta del Olivo, (fl. 1719?-1753)